Normal view
MARC view
- Wind, Stefanie A.
Entry Personal Name
001 - CONTROL NUMBER
- control field: 59761
003 - CONTROL NUMBER IDENTIFIER
- control field: OSt
005 - DATE AND TIME OF LATEST TRANSACTION
- control field: 20240902095131.0
008 - FIXED-LENGTH DATA ELEMENTS
- fixed length control field: 240902|| aca||aabn | a|a d
040 ## - CATALOGING SOURCE
- Original cataloging agency: OSt
- Transcribing agency: OSt
100 ## - HEADING--PERSONAL NAME
- Personal name: Wind, Stefanie A.
- Relator term: author.
670 ## - SOURCE DATA FOUND
- Source citation: Work cat.: (OSt): Pennington, Colin G. author. 59759, Impact of a physical education teacher's age on elementary school students' perceptions of effectiveness and learning / , 2019.
